| 000 | 01289cam a22003255i 4500 | ||
|---|---|---|---|
| 999 |
_c17864 _d17864 |
||
| 005 | 20191224042227.0 | ||
| 008 | 150418s2014 ck 000 0 spa | ||
| 020 | _a9789587752212 | ||
| 040 |
_aDLC _cDLC _dCO-BoIAVH |
||
| 041 | 0 | _aspa | |
| 044 | _ack | ||
| 082 | 0 | 4 |
_a333.714 _bG29d |
| 245 | 0 | 0 |
_aDesigualdades socioambientales en América Latina / _cBarbara Göbel, Manuel Góngora-Mera, Astrid Ulloa, editores. |
| 260 |
_aBogotá (Colombia) : _bIbero-Amerikanisches Institut, _c2014. |
||
| 300 |
_a507 páginas : _c23 cm. |
||
| 490 | 0 |
_aColección general. Biblioteca abierta. Perspectivas ambientales ; _v430 |
|
| 500 | _aIncluye índices de materias y lugares. | ||
| 650 | 4 |
_aMedio ambiente y sociedad _zAmérica Latina |
|
| 650 | 4 | _aDesigualdad socioambiental | |
| 650 | 6 |
_aMedio Ambiente _xAspectos sociales |
|
| 650 | 6 | _aAgroindustria | |
| 650 | 4 |
_aHombres _xInfluencia del medio ambiente |
|
| 650 | 4 | _aDerecho internacional ambiental | |
| 650 | 4 | _aFragmentación del derecho internacional | |
| 650 | 4 |
_aCambio climático _xAspectos sociales |
|
| 700 | 1 |
_aGöbel, Barbara _eeditora. |
|
| 700 | 1 |
_aGóngora Mera, Manuel _eeditor. |
|
| 700 | 1 |
_aUlloa, Astrid _eeditora. |
|
| 942 |
_2ddc _cLIBRO |
||